000 00337 a2200157 4500
001 71004
020 _a9788535618914
040 _cAnchieta - Itaigara
240 1 0 _aPituca e a chuva
_lpor
245 1 0 _aPituca e a chuva
300 _a54
362 0 _a2007
440 1 _aPaulinas
650 4 _aLiteratura infanto-juvenil
942 _cBK
999 _c71004
_d71004